Sociálny fond v príkladoch

Sociálny fond tvoria finančné prostriedky, ktoré sa používajú na realizáciu podnikovej sociálnej politiky v oblasti starostlivosti o zamestnancov. Sociálny fond je významným nástrojom realizácie sociálnej politiky každého zamestnávateľa a jedným zo zdrojov jej financovania. Tvorba a čerpanie sociáln...

Descrizione completa

Salvato in:
Dettagli Bibliografici
Autore principale: Mintál, Ján
Natura: Capitolo di libro
Lingua:slovacco
Soggetti:
Tags: Aggiungi Tag
Nessun Tag, puoi essere il primo ad aggiungerne!!

MARC

LEADER 00000naa a2200000 4500
001 0300012
005 20240417075311.8
041 0 |a slo 
044 |a SK 
245 1 0 |a Sociálny fond v príkladoch  |c Ján Mintál 
520 |a Sociálny fond tvoria finančné prostriedky, ktoré sa používajú na realizáciu podnikovej sociálnej politiky v oblasti starostlivosti o zamestnancov. Sociálny fond je významným nástrojom realizácie sociálnej politiky každého zamestnávateľa a jedným zo zdrojov jej financovania. Tvorba a čerpanie sociálneho fondu je predmetom úpravy zákona č. 152/1994 Z. z. o sociálnom fonde v znení neskorších predpisov. Prostredníctvom sociálneho fondu teda dochádza k zabezpečeniu rôznych plnení predovšetkým sociálneho charakteru určených pre zamestnancov podniku. 
610 2 0 |a fond sociálny 
610 2 0 |a politika sociálna podniková 
610 2 0 |a starostlivosť o pracovníkov 
610 2 0 |a zamestnanci 
610 2 0 |a zamestnávatelia 
610 2 0 |a zákonník práce 
100 1 |a Mintál, Ján